MDQL
is popping MORE tags! Check the
thread
!
Quizzes
Events
Quiz Creation
Community
Videos
Private Events
Remove Ads
Sign In
Join for FREE
Feedback
Dark Mode
Quiz Categories
Sports
Geography
Music
Movies
Television
Just For Fun
Miscellaneous
History
Literature
Language
Science
Gaming
Entertainment
Religion
Holiday
For Kids
Quiz Lab
Recent
Popular Today
Quiz Kudos Today
Editor Picks
Curator Picks
Quizzes by...
Day
Popularity
Type
Ratings
Length
Year
Community
Subscriptions
Recent Discussions
Orange Saloon
Badges
Playlists
Quests
Create
Leaderboards
Showdown
Live 5
Trivia Bingo
Activity
Puzzle Library
Sporcle Events
Private Events
Virtual Trivia
Globe League
Become a Host
Pub Owners
SporcleCon
Opinionation
Our Games
Videos
Blog
Mobile Apps
Partnerships
Remove Ads and Go Orange
Feedback
Gaming
Video Games
Board Games
Card Games
Pokémon
Mario
Nintendo
Minecraft
Console
Toys
Legend of Zelda
Gaming
Video Games
Board Games
Card Games
Pokémon
Mario
Nintendo
Minecraft
Console
Toys
Legend of Zelda
Random Quiz
Search Sporcle
×
Quiz Lab
Quiz Lab
Gaming
Board Games
Type in answers that appear in a list
Type in answers that appear in a list
Classic
Best Score? Go Orange.
Wii Games Published by Nintendo Stats
Can you name the Wii Games Published by Nintendo?
By
NecroVMX
10m
63 Questions
180 Plays
180 Plays
180 Plays
Comments
Comments
Give Quiz Kudos
Give Quiz Kudos
-
- Ratings
hide this ad
Replay
Link that replays current quiz
Next Quiz
Link to next quiz in quiz playlist
You Got
0%
They Got
Avg Score
33%
Avg Friend Score
Upgrade to see
Score Distribution
Jump to the score distribution portion of the page
Score
0/63
Timer
10:00
0
Plays Today
Year|Genre
% Correct
2006 -
Sports
Wii Sports
94.4%
2007 -
Platformer
Super Mario Galaxy
83.9%
2008 -
Racing
Mario Kart Wii
81.1%
2010 -
Platformer
Super Mario Galaxy 2
81.1%
2008 -
Fitness
Wii Fit
79.4%
2009 -
Sports
Wii Sports Resort
76.1%
2006 -
RPG
The Legend of Zelda: Twilight Princess
75.6%
2008 -
Fighting
Super Smash Bros Brawl
72.8%
2007 -
Board Game
Mario Party 8
72.2%
2007 -
Action
Wii Play
70.6%
2009 -
First Person Shooter
New Play Control! Metroid Prime
67.2%
2009 -
Fitness
Wii Fit Plus
66.1%
2008 -
Rhythm
Wii Music
61.1%
2009 -
Platformer
New Super Mario Bros Wii
61.1%
2007 -
Platformer
Super Paper Mario
56.7%
2009 -
Strategy
New Play Control! Pikmin
53.9%
2010 -
Party
Wii Party
53.3%
2007 -
First Person Shooter
Metroid Prime 3: Corruption
50.6%
2009 -
Sports
New Play Control! Mario Power Tennis
45%
2009 -
Strategy
New Play Control! Pikmin 2
45%
2009 -
First Person Shooter
New Play Control! Metroid Prime 2: Echoes
44.4%
2007 -
Strategy RPG
Fire Emblem: Radiant Dawn
42.8%
2009 -
First Person Shooter
Metroid Prime Trilogy
41.7%
2007 -
Sports
Mario Strikers Charged
40.6%
2007 -
Shooter
Link's Crossbow Training
40%
2008 -
Sports
Mario Super Sluggers
40%
2010 -
Adventure
Metroid: Other M
38.9%
2006 -
Racing
Excite Truck
38.3%
2007 -
Action
WarioWare: Smooth Moves
37.2%
2008 -
Life Sim
Animal Crossing: City Folk
36.1%
2009 -
Rhythm/
Platformer
New Play Control! Donkey Kong Jungle Beat
35.6%
2009 -
Sports
Punch-Out!!
31.1%
Year|Genre
% Correct
2007 -
Sports
Mario & Sonic at the Olympic Games
28.3%
2010 -
RPG
Xenoblade
28.3%
2008 -
Platformer
Wario Land: The Shake Dimension
27.8%
2007 -
Strategy
Pokémon Battle Revolution
24.4%
2009 -
Racing
Excitebots: Trick Racing
23.9%
2007 -
Racing
Donkey Kong Barrel Blast
21.1%
2010 -
Shooter
Sin & Punishment: Star Successor
21.1%
2009 -
Sports
Mario & Sonic at the Olympic Winter Games
17.8%
2007 -
Educational
Big Brain Academy: Wii Degree
16.1%
2007 -
Strategy
Battalion Wars 2
16.1%
2008 -
Adventure
Endless Ocean
13.9%
2010 -
Adventure
Endless Ocean 2: Adventures of the Deep
10.6%
2008 -
Adventure
Captain Rainbow
8.3%
2007 -
Adventure
Zack and Wiki: quest for Barbaros' Treasure
7.8%
2008 -
Action
Disaster: Day of Crisis
6.7%
2008 -
Adventure
Fatal Frame IV
5.6%
2010 -
RPG
Monster Hunter Tri
5.6%
2009 -
Adventure
Another Code: R - A Journey into Lost Memories
5%
2010 -
Action
Samurai Warriors 3
5%
2007 -
Adventure
Resident Evil: Umbrella Chronicles
3.9%
2009 -
RPG
Harvest Moon: Tree of Tranquility
2.8%
2010 -
Puzzle
Tetris Party Deluxe
2.8%
2007 -
RPG
Harvest Moon: Magical Melody
2.2%
2008 -
Fighting
Naruto: Clash of Ninja Revolution
2.2%
2009 -
Action
Tact of Magic
2.2%
2009 -
Trivia
NHK Kōhaku Quiz Gassen
2.2%
2007 -
Sports
Eyeshield 21: The Field's Greatest Warriros
1.7%
2008 -
Educational
Common Sense of People Power TV
1.7%
2010 -
Adventure
PokéPark Wii: Pikachu's Adventure
1.7%
2010 -
Action
Zangeki no Reginleiv
1.7%
2010 -
Party
And-Kensaku
1.1%
Quiz Playlist
Details
Report
Send in Message
Add To Playlist
Classic:
Type in answers that appear in a list
Last Updated: Feb 16, 2017
Quiz Scoreboard
CHALLENGE
Sign Up to Join the Scoreboard
Show All
Scores
Hide
Comments
May contain spoilers
Recently Published
Holiday 10x10 Sorting Gallery
by lukepisani3
Holiday
15m
Two Season TV Shows II
by 123Four
Television
10m
Image Sorting: Flags VI
by Barbecue
Geography
2m
More to Explore
Quiz From the Vault
Featured Blog Post
14 Easter Pick-up Lines to Find Eggs With
hide this ad
You Might Also Like...
Tags
Board Games Quiz
Nintendo Quiz
genre
Published
Wii
Wii Games
Today's Top Quizzes in Gaming
Browse Gaming
hide this ad
Today's Top Quizzes in Board Games
Browse Board Games
Top Contributed Quizzes in Gaming
1
League of Legends Pro Players by Career/Team History
2
Genshin Impact Logic Puzzle
3
Destiny 2 exotic weapons by perk icons
4
Genshin murder mystery
5
4x4 Decades: Video Games
6
Genshin Impact Logic Puzzle Quiz
7
Ultimate Genshin Impact Logic Puzzle (up to 4.3)
8
Dead By Daylight Logic Puzzle
9
Who's on the WWE 2K24 Cover?
10
Overwatch Logic Puzzle
Explore More
Trending Topics
Crossword
Harry Potter
Marvel
Anime
NBA
Kpop
Disney
NFL
Soccer
Pokémon
Country
Puzzle
Song
WWE
The Office
hide this ad
More By:
NecroVMX
Quiz
Plays
Rating
Category
Featured
Created
GameCube Games Published by Nintendo
517
3.33
Gaming
Oct 8, 2010
Breath of Fire Series Party Members
316
5.00
Gaming
Oct 8, 2010
Nintendo 64 Games Published by Nintendo
310
4.50
Gaming
Oct 8, 2010
Super NES Games Published by Nintendo
265
3.75
Gaming
Oct 8, 2010
Dragon Quest Monsters
251
5.00
Gaming
Oct 14, 2010
Go to Creator's Profile
Score Distribution
Quiz Creator Spotlight
NecroVMX
Follow
Send a Message
Quizzes Created
-
Created Quiz Play Count
-
More By This Creator
Popular Quizzes Today
1
Find the US States - No Outlines Minefield
2
Colored Red Africa Blitz
3
Find the 'City' Movie
4
The Countries of the World
5
5x2 Blitz: Bands
6
Find the Countries of Europe - No Outlines Minefield
7
Find the US States
8
US States
More Gaming Quizzes
Fortnite Season 6: Click the Map
Quiz Lab
Trending Quizzes
Colored Red Europe Blitz I
Colored Red Europe Blitz II
Colored Red Africa Blitz II
Even More Two Season TV Shows
Colored Red Africa Blitz III
Recently Updated
Odd Team Out - Big 4 Players
pecheneg
Quick Pick: 20 Twenties
pecheneg
March Madness Men's Triple Doubles
pecheneg
How Do You Spell That?
pecheneg
Godzilla Movies
pecheneg
Grab Bag: 4-10 Letters
pecheneg
2024 March Madness Bracket
pecheneg
Famous TV Couples
Peacemaker
Champions League XIs: Real Madrid
pecheneg
Largest US Cities 1790-2010
pecheneg
Trending Topics
Marvel
NBA
Anime
Harry Potter
Kpop
Crossword
Disney
Puzzle
The Office
Pokémon
WWE
Soccer
Song
Country
NFL
Your Account Isn't Verified!
In order to create a playlist on Sporcle, you need to verify the email address you used during registration. Go to your
Sporcle Settings
to finish the process.
Report this User
Report this user for behavior that violates our
Community Guidelines
.
Details:
Send Report
Go to the Sporcle.com Mobile Site →
Comments